[Event "16th Open A"]
[Site "Zadar CRO"]
[Date "2009.12.16"]
[Round "6"]
[White "Delchev,A"]
[Black "Martinovic,Sa"]
[Result "1/2-1/2"]
[WhiteElo "2635"]
[BlackElo "2483"]

1.d4 Nf6 2.c4 g6 3.Nc3 Bg7 4.e4 d6 5.Be2 O-O 6.Nf3 e5 7.d5 a5 8.Bg5 Na6 9.Nd2 Qe8
10.a3 Bd7 11.O-O Kh8 12.Rb1 a4 13.Nb5 Bxb5 14.cxb5 Nc5 15.Qc2 Nfd7 16.Be3 b6
17.Ra1 f5 18.f3 Qe7 19.b4 axb3 20.Nxb3  1/2-1/2

[Event "IRT 35th Ann ALEX"]
[Site "Rio de Janeiro ARG"]
[Date "2009.12.18"]
[Round "3"]
[White "Mascarenhas,Alb"]
[Black "Guimaraes,W"]
[Result "1/2-1/2"]
[WhiteElo "2206"]
[BlackElo "2265"]

1.c4 Nf6 2.Nc3 g6 3.e4 d6 4.d4 Bg7 5.Be2 O-O 6.Nf3 e5 7.O-O exd4 8.Nxd4 Re8
9.f3 Nc6 10.Be3 Nh5 11.Nxc6 bxc6 12.g4 Be5 13.gxh5 Bxh2+ 14.Kxh2 Qh4+ 15.Kg1 Qg3+  1/2-1/2

[Event "16th Open A"]
[Site "Zadar CRO"]
[Date "2009.12.18"]
[Round "8"]
[White "Jovanic,O"]
[Black "Martinovic,Sa"]
[Result "1/2-1/2"]
[WhiteElo "2552"]
[BlackElo "2483"]

1.d4 Nf6 2.Nf3 g6 3.c4 Bg7 4.Nc3 O-O 5.e4 d6 6.Be2 e5 7.Be3 exd4 8.Nxd4 Re8
9.f3 c6 10.Bf2 d5 11.exd5 cxd5 12.O-O Nc6 13.c5 Nh5 14.Qd2 Be5 15.g3 Bh3
16.Rfd1 Qd7 17.Rac1 Rad8 18.a3 Re7 19.b4 Rde8 20.Bb5 a6 21.Ba4 Bxd4 22.Bxd4 Qf5
23.Qf2 Nxd4 24.Rxd4 Re3 25.g4 Qe5 26.Bxe8 Qxd4 27.Nxd5 Qxd5 28.Qxe3 Qa2 29.Qf2 Qxa3
30.Re1 Nf4 31.Qe3 Qa2 32.Bxf7+ Qxf7 33.Qe8+ Qxe8 34.Rxe8+ Kf7 35.Rb8 h5 36.Rxb7+ Ke6
37.Rb6+ Kd5 38.gxh5 gxh5 39.Rxa6 Kc4 40.Rh6 Kxb4 41.c6 Kc5 42.c7 Nd5 43.Rxh5 Be6
44.Re5 Bd7 45.h4 Kd6 46.Rg5 Nxc7 47.h5 Ne8 48.Kf2 Nf6 49.Kg3 Nh7 50.Rg7 Bf5
51.Kf4 Ke6 52.Rc7 Kf6 53.Rc6+ Be6 54.Ra6 Nf8 55.Ke4 Kg5 56.Ra5+ Kh6 57.f4 Bg4
58.Ke5 Bxh5 59.Kf6 Nh7+ 60.Ke7 Bg6 61.f5 Bxf5 62.Rxf5 Kg6 63.Ke6 Ng5+ 64.Ke5 Nf7+
65.Kf4 Nd6 66.Rc5 Kf6 67.Rc6 Ke6 68.Rc5 Kf6 69.Rh5 Ke6 70.Rh6+ Kd5 71.Rg6 Nc4
72.Rg1 Nd6 73.Re1 Nf7 74.Rd1+ Ke6 75.Ke4 Nd6+ 76.Kd4 Nf5+ 77.Kc4 Ke5 78.Re1+ Kf4
79.Re8 Ne3+ 80.Kd4 Nf5+ 81.Kd3 Nd6 82.Re7 Nf5 83.Re6 Ng7 84.Re4+ Kf5 85.Re7 Ne6
86.Ra7 Nc5+ 87.Ke3 Ke5 88.Ra5 Kd5 89.Rxc5+ Kxc5  1/2-1/2

[Event "16th Open B"]
[Site "Zadar CRO"]
[Date "2009.12.18"]
[Round "8"]
[White "Ivanov,Bor BUL"]
[Black "Ivic,Mat"]
[Result "1-0"]
[WhiteElo "2103"]
[BlackElo "2244"]

1.d4 Nf6 2.c4 g6 3.Nc3 Bg7 4.e4 d6 5.Nf3 O-O 6.Be2 Nbd7 7.O-O e5 8.Re1 c6
9.Bf1 Qc7 10.d5 a5 11.Rb1 Nc5 12.g3 Ng4 13.Nh4 Qe7 14.f3 Nh6 15.Be3 f5 16.Qd2 f4
17.Bxc5 dxc5 18.Be2 g5 19.Ng2 g4 20.Rf1 Qg5 21.Na4 Qh5 22.fxg4 Bxg4 23.Bxg4 Nxg4
24.Nh4 Bh6 25.Qe2 fxg3 26.Nf5 gxh2+ 27.Kh1 Bf4 28.Rxf4 exf4 29.Qxg4+ Qg6
30.Ne7+  1-0

[Event "9th Amplico Life Rapid"]
[Site "Warsaw POL"]
[Date "2009.12.19"]
[Round "2"]
[White "Krasenkow,M"]
[Black "Leks,H"]
[Result "1-0"]
[WhiteElo "2656"]
[BlackElo "2169"]

1.Nf3 d6 2.d4 Nf6 3.c4 Nbd7 4.Nc3 e5 5.e4 g6 6.Be2 Bg7 7.O-O O-O 8.Qc2 Nh5
9.Rd1 Nf4 10.Bf1 c5 11.d5 Qe7 12.g3 Nh5 13.Bd3 Ndf6 14.a3 a5 15.Rb1 Bg4 16.Be2 a4
17.b4 axb3 18.Rxb3 Ne8 19.Bd2 h6 20.Rdb1 Rb8 21.Qb2 f5 22.Rxb7 Rxb7 23.Qxb7 Qxb7
24.Rxb7 fxe4 25.Nh4 Bxe2 26.Nxe2 Kh7 27.a4 g5 28.Ng2 e3 29.Nxe3 Nhf6 30.a5 Ne4
31.Be1 g4 32.a6 N8f6 33.Nf5 Nh5 34.a7 Ra8 35.Nc3  1-0

[Event "9th Amplico Life Rapid"]
[Site "Warsaw POL"]
[Date "2009.12.19"]
[Round "3"]
[White "Hracek,Z"]
[Black "Budrewicz,K"]
[Result "1-0"]
[WhiteElo "2624"]
[BlackElo "2317"]

1.d4 Nf6 2.c4 g6 3.Nc3 Bg7 4.e4 O-O 5.Nf3 d6 6.Be2 e5 7.Be3 Ng4 8.Bg5 f6
9.Bc1 Nc6 10.O-O Nh6 11.d5 Ne7 12.b4 Nf7 13.c5 a5 14.cxd6 cxd6 15.bxa5 Qxa5
16.Nb5 Bd7 17.a4 f5 18.Ng5 Bxb5 19.Bxb5 Nxg5 20.Bxg5 Bf6 21.Bd2 Qd8 22.f3 Kg7
23.Rc1 Rc8 24.Qe2 Rxc1 25.Rxc1 fxe4 26.fxe4 Nc8 27.Qe3 Rf7 28.Qh3 Na7 29.Bh6+ Kg8
30.Qe6 Qe7 31.Be8 Qxe6 32.dxe6 Re7 33.Bf7+ Kh8 34.Rf1  1-0

[Event "9th Amplico Life Rapid"]
[Site "Warsaw POL"]
[Date "2009.12.19"]
[Round "5"]
[White "Sieciechowicz,M"]
[Black "Dziuba,M"]
[Result "0-1"]
[WhiteElo "2386"]
[BlackElo "2573"]

1.d4 Nf6 2.c4 g6 3.Nc3 Bg7 4.e4 d6 5.Nf3 O-O 6.Be2 e5 7.Be3 c6 8.O-O exd4
9.Nxd4 Re8 10.Qc2 Qe7 11.Bf3 Nbd7 12.Nb3 Ne5 13.Be2 Neg4 14.Bg5 h6 15.Bh4 g5
16.Bxg4 Nxg4 17.Bg3 Be6 18.Nd2 h5 19.f3 Ne3 20.Qd3 Nxf1 21.Rxf1 Rad8 22.f4 d5
23.cxd5 cxd5 24.e5 gxf4 25.Bxf4 a6 26.Nf3 Qb4 27.Nd4 Rc8 28.Rf2 Rc4 29.Rd2 Qe7
30.Qe3 Rec8 31.h3 Qc5 32.Nce2 Qb6 33.Kh2 Bd7 34.Ng3 Qg6 35.Nf3 Rc2 36.Nh4 Qh7
37.Rxd5 Be6 38.Rd1 Rxb2 39.Qf3 b5 40.Nxh5 Rxa2 41.Bg3 Rac2 42.Nf6+ Bxf6 43.exf6 Qh6
44.Rd6 R2c3 45.Qf2 Qe3 46.Qxe3 Rxe3 47.Rxa6 b4 48.Rb6 b3 49.Nf3 Rxf3 50.gxf3 Rc2+
51.Kg1 b2  0-1

[Event "9th Amplico Life Rapid"]
[Site "Warsaw POL"]
[Date "2009.12.19"]
[Round "8"]
[White "Terzic,S"]
[Black "Vovk,A"]
[Result "0-1"]
[WhiteElo "2255"]
[BlackElo "2512"]

1.d4 Nf6 2.c4 g6 3.Nc3 Bg7 4.e4 d6 5.Nf3 O-O 6.Be2 e5 7.O-O Na6 8.Re1 c6
9.h3 exd4 10.Nxd4 Nc5 11.Bf3 a5 12.Bf4 Qc7 13.Rc1 Nfd7 14.Nb3 Ne5 15.Nxc5 dxc5
16.b3 Qe7 17.Qe2 Qf6 18.Bxe5 Qxe5 19.Red1 Be6 20.Rd3 Bxh3 21.Rcd1 Be6 22.g3 Qg5
23.Na4 Bd4 24.Kg2 b5 25.cxb5 cxb5 26.Nb6 Rae8 27.Qc2 f5 28.R3d2 fxe4 29.Bxe4 Bg4
30.f4 Qd8 31.Nd5 Bxd1 32.Rxd1 Rf7 33.Bf3 Rd7 34.Nc3 Bxc3 35.Rxd7 Qxd7 36.Qxc3 Qd4
37.Qxa5 Qd3 38.a4 Qc2+ 39.Kh3 Qxb3 40.Bc6 Qe6+  0-1

[Event "Open Ch-Skopje"]
[Site "Skopje MKD"]
[Date "2009.12.20"]
[Round "9"]
[White "Kacakovski,D"]
[Black "Ilic,Ljubo"]
[Result "1/2-1/2"]
[WhiteElo "2139"]
[BlackElo "2257"]

1.c4 Nf6 2.Nc3 g6 3.Nf3 Bg7 4.d4 O-O 5.e4 d6 6.Be2 e5 7.O-O Na6 8.Rb1 exd4
9.Nxd4 Nc5 10.f3 a5 11.Ndb5 Re8 12.Bg5 h6 13.Bxf6 Bxf6 14.Nd5 Na6 15.Nxf6+ Qxf6
16.Qd2 h5 17.Qxa5 c6 18.Qc3 Qe7 19.Nd4 Nc5 20.a3 Qe5 21.Rbd1 Na4 22.Qd2 Nxb2
23.Qxb2 c5 24.Rd2 cxd4 25.Qxd4 Rxa3 26.Qxd6 Qxd6 27.Rxd6 Be6 28.Rd2 Rc8 29.Rb1 Ra7
30.Rc2 Ra5 31.Kf2 Rac5 32.Rb6 Bxc4 33.Bxc4 Rxc4 34.Rxc4 Rxc4 35.Rxb7 Rc2+
36.Kg3 Re2 37.h4 Kg7 38.Rb4 Kf6 39.f4 Re3+ 40.Kf2 Ra3 41.Rb6+ Kg7 42.Rb2  1/2-1/2

[Event "9th Amplico Life Rapid"]
[Site "Warsaw POL"]
[Date "2009.12.20"]
[Round "9"]
[White "Hracek,Z"]
[Black "Kanarek,M"]
[Result "1/2-1/2"]
[WhiteElo "2624"]
[BlackElo "2405"]

1.d4 Nf6 2.c4 g6 3.Nc3 d6 4.e4 Bg7 5.Nf3 O-O 6.Be2 e5 7.Be3 Nbd7 8.O-O Re8
9.Qc2 Ng4 10.Bg5 Bf6 11.Bxf6 Ngxf6 12.Rad1 c6 13.Rfe1 Qe7 14.Bf1 b6 15.g3 Bb7
16.a3 Rac8 17.Bh3 a6 18.dxe5 dxe5 19.Qd2 Rc7 20.Qg5 Nf8 21.Rd2 N6d7 22.Qh6 Bc8
23.Red1 Nc5 24.Bxc8 Rcxc8 25.b4 Nb7 26.Qe3 Qc7 27.Qg5 Kg7 28.Nh4 f6 29.Qg4 Rcd8
30.Nf5+ Kf7 31.Nh6+ Kg7 32.Nf5+ Kf7 33.Nh6+ Kg7  1/2-1/2

[Event "9th Amplico Life Rapid"]
[Site "Warsaw POL"]
[Date "2009.12.20"]
[Round "13"]
[White "Sakalauskas,V"]
[Black "Galazewski,T"]
[Result "1-0"]
[WhiteElo "2418"]
[BlackElo "2249"]

1.d4 Nf6 2.c4 g6 3.Nc3 Bg7 4.e4 d6 5.Be2 O-O 6.Nf3 e5 7.O-O exd4 8.Nxd4 Re8
9.f3 c6 10.Kh1 Nbd7 11.Nc2 Nc5 12.Be3 Nh5 13.g4 Nf6 14.Qd2 Be6 15.Rad1 Nfd7
16.Bg5 Bxc3 17.bxc3 Qa5 18.Nd4 Na4 19.Rc1 Nab6 20.Nb3 Qe5 21.Bf4 Qg7 22.Qxd6 Rad8
23.Qb4 Ne5 24.c5 Nbc4 25.Nd4 b5 26.cxb6 Nxb6 27.Bxe5 Qxe5 28.Nxc6 Qf4 29.Nxd8 Rxd8
30.Rcd1 Rf8 31.a4 Nd7 32.Qd6 Ne5 33.Qd2  1-0

[Event "Tata Steel TCh-Asia"]
[Site "Kolkata IND"]
[Date "2009.12.24"]
[Round "3"]
[White "Mahjoob,M"]
[Black "Lo Kin Mun,D"]
[Result "1-0"]
[WhiteElo "2510"]
[BlackElo "2174"]

1.Nf3 Nf6 2.c4 g6 3.Nc3 Bg7 4.e4 d6 5.d4 O-O 6.Be2 e5 7.O-O exd4 8.Nxd4 Re8
9.f3 Nc6 10.Be3 Nh5 11.Qd2 Nxd4 12.Bxd4 Nf4 13.Rfd1 Qg5 14.Bf1 Bxd4+ 15.Qxd4 Ne6
16.Qd2 Qxd2 17.Rxd2 Kg7 18.g3 h5 19.Kf2 a5 20.Re1 b6 21.b3 Bb7 22.h4 Nc5
23.Nd5 Bxd5 24.cxd5 Re7 25.Bb5 Rf8 26.Rde2 f6 27.Re3 Ra8 28.a3 Nd7 29.Rc1 Ne5
30.Ke2 Kh6 31.Rec3 Ra7 32.Ke3 Rf7 33.Kd4 g5 34.f4 Ng4 35.Rf1 gxh4 36.gxh4 Ra8
37.Rfc1 Ra7 38.R1c2 Rg7 39.Bf1 Rb7 40.Ba6 Ra7 41.Bc8 Re7 42.Bf5 Rg7 43.Rc6 Re7
44.Kd3 Rg7 45.Ke2 Rf7 46.Kf3 Re7 47.Be6 Rb7 48.R6c4 b5 49.Rc6 Ra7 50.Bc8 Rg7
51.Rg2 Rf7 52.Rc1 Ra8 53.Bxg4 hxg4+ 54.Rxg4 a4 55.b4 f5 56.exf5 Rxf5 57.Rg5 Raf8
58.Rxf5 Rxf5 59.Rxc7 Rxd5 60.Ke4 Rh5 61.Rd7 Rxh4 62.Rxd6+ Kg7 63.Rd3 Rh1
64.Kd4 Rb1 65.Kc5 Rb3 66.Rd7+ Kf6 67.Kxb5 Rxa3 68.Ra7 Rf3 69.Rxa4 Ke6 70.Ra1 Kd7
71.Rd1+  1-0

[Event "Tata Steel TCh-Asia"]
[Site "Kolkata IND"]
[Date "2009.12.25"]
[Round "4"]
[White "Moradiabadi,E"]
[Black "Purnama,T"]
[Result "1-0"]
[WhiteElo "2560"]
[BlackElo "2417"]

1.Nf3 Nf6 2.c4 g6 3.Nc3 Bg7 4.e4 d6 5.d4 O-O 6.Be2 Na6 7.O-O e5 8.Be3 c6
9.Re1 Ng4 10.Bg5 Qe8 11.h3 h6 12.Bh4 Nf6 13.Bg3 Nh5 14.Bh2 Qe7 15.c5 dxc5
16.dxe5 Rd8 17.Qc1 Bf8 18.Bxa6 bxa6 19.Rd1 Be6 20.Rd6 Qb7 21.Na4 Bxd6 22.exd6 Kh7
23.Nxc5 Qb4 24.a3 Qc4 25.Qxc4 Bxc4 26.Ne5 Be6 27.Rd1 Nf6 28.b4 a5 29.Nxc6 Re8
30.Nxa5 Nd7 31.Nab7 a5 32.Nxe6 fxe6 33.Nxa5 Rec8 34.Bf4 Kg7 35.Rd3 e5 36.Be3 Ra6
37.Nb7 Kf7 38.Nc5 Ra7 39.Nxd7 Rxd7 40.Bc5 Ra8 41.Kf1 Ke6 42.Ke2 Rdd8 43.Kd2 Kd7
44.Kc2 Ra4 45.Bb6 Rc8+ 46.Bc7 Ra7 47.b5 Ra5 48.b6 Rc5+ 49.Rc3 Rxc3+ 50.Kxc3 Kc6
51.a4 Rf8 52.f3 Ra8 53.d7 Kxd7  1-0

[Event "IX Gema Open"]
[Site "Mondariz ESP"]
[Date "2009.12.26"]
[Round "1"]
[White "Alvarez Nistal,David"]
[Black "Ferreira,Jor1"]
[Result "0-1"]
[WhiteElo "1736"]
[BlackElo "2273"]

1.d4 Nf6 2.c4 g6 3.Nc3 Bg7 4.e4 d6 5.Be2 O-O 6.Nf3 Nbd7 7.O-O e5 8.d5 Nc5
9.Qc2 a5 10.Be3 b6 11.a3 Ng4 12.Bg5 f6 13.Bh4 a4 14.Nd2 g5 15.Bg3 Nh6 16.f3 f5
17.Bf2 Bd7 18.Bxc5 bxc5 19.exf5 Nxf5 20.Rfe1 Nd4 21.Qd1 Qe8 22.Nde4 Qh5 23.Ng3 Qh4
24.Nce4 Rf7 25.Nc3 Bh6 26.Bd3 g4 27.fxg4 Bxg4 28.Be2 Be3+ 29.Kh1 Nxe2 30.Ngxe2 Bf4
31.h3 Bxh3 32.Nxf4 Bxg2+ 33.Kxg2 Rg7+ 34.Kf3 Qxf4+ 35.Ke2 Rg2+ 36.Kd3 Qd4+  0-1

[Event "Christamas Open Masters"]
[Site "Zurich SUI"]
[Date "2009.12.26"]
[Round "1"]
[White "Monnerat,D"]
[Black "Nuri,Kam"]
[Result "0-1"]
[WhiteElo "1972"]
[BlackElo "2204"]

1.d4 Nf6 2.c4 d6 3.Nc3 g6 4.e4 Bg7 5.Nf3 O-O 6.Be2 Nbd7 7.O-O e5 8.dxe5 dxe5
9.Bg5 c6 10.Qc2 Qc7 11.Rad1 Nc5 12.b4 Ne6 13.Be3 Ng4 14.Bc1 Nd4 15.Nxd4 exd4
16.Bxg4 Bxg4 17.Ne2 c5 18.f3 Be6 19.Bf4 Qb6 20.b5 a6 21.Rb1 axb5 22.Rxb5 Rxa2
23.Qb3 Qa6 24.Re1 Ra3 25.Qb1 Bxc4  0-1

[Event "Christamas Open Masters"]
[Site "Zurich SUI"]
[Date "2009.12.26"]
[Round "1"]
[White "Buhmann,R"]
[Black "Salzgeber,F"]
[Result "1-0"]
[WhiteElo "2603"]
[BlackElo "2178"]

1.Nf3 Nf6 2.c4 g6 3.Nc3 Bg7 4.e4 d6 5.d4 O-O 6.Be2 e5 7.O-O Nbd7 8.Re1 Re8
9.Bf1 Nh5 10.Bg5 f6 11.Be3 Bf8 12.Qc2 Ng7 13.Rad1 c6 14.b4 Qc7 15.a3 exd4
16.Nxd4 Ne5 17.h3 Ne6 18.Nb3 Nf7 19.f4 Ng7 20.Qf2 b6 21.Bd4 Be7 22.b5 c5
23.Nd5 Qd8 24.Bc3 Bb7 25.g3 Bxd5 26.cxd5 Rf8 27.Kh2 Qd7 28.Qb2 Ne8 29.Nd2 Rd8
30.Bc4 Kh8 31.Nf3 h6 32.a4 Kh7 33.Re2 Rg8 34.Rf1 Rf8 35.Qc2 Ng7 36.Bd3 Kg8
37.Qb2 Nh8 38.Qa2 Kh7 39.g4 Rde8 40.Rg2 Bd8 41.Kh1 Bc7 42.Qf2 Bd8 43.Qc2 Kg8
44.h4 h5 45.Rfg1 Rf7 46.Nh2 hxg4 47.Nxg4 Kh7  1-0

[Event "26th Open"]
[Site "Geneva SUI"]
[Date "2009.12.27"]
[Round "3"]
[White "Huss,A"]
[Black "Stoeri,L"]
[Result "1-0"]
[WhiteElo "2343"]
[BlackElo "1932"]

1.d4 Nf6 2.Nf3 g6 3.c4 Bg7 4.Nc3 d6 5.e4 O-O 6.Be2 e5 7.d5 a5 8.h3 Na6 9.Bg5 Nc5
10.Nd2 c6 11.O-O Qc7 12.Rc1 Ne8 13.b3 f5 14.f3 Nf6 15.a3 Nh5 16.b4 Nd7 17.Kh2 Ndf6
18.c5 Nf4 19.cxd6 Qxd6 20.Nc4 Qb8 21.Bxf4 exf4 22.e5 Nh5 23.e6 Ng3 24.Re1 Bf6
25.Nb6 Ne4 26.Nxe4 fxe4 27.Bc4 Re8 28.Rxe4  1-0

[Event "85th Masters"]
[Site "Hastings ENG"]
[Date "2009.12.28"]
[Round "1"]
[White "Mitchell,M"]
[Black "Strunski,A"]
[Result "1-0"]
[WhiteElo "2195"]
[BlackElo "2386"]

1.d4 Nf6 2.c4 g6 3.Nc3 Bg7 4.e4 d6 5.Be2 O-O 6.Nf3 e5 7.d5 Na6 8.Bg5 c6 9.Nd2 Bd7
10.a3 cxd5 11.cxd5 Rc8 12.Rc1 Nc5 13.O-O a5 14.Nc4 Be8 15.b4 axb4 16.axb4 Na6
17.Qb3 Qe7 18.Na5 h6 19.Be3 Rxc3 20.Rxc3 Nxe4 21.Rc8 f5 22.f3 Nf6 23.b5 Nc7
24.b6 Ncxd5 25.Rxe8 Rxe8 26.Bc4 f4 27.Bxd5+ Kh7 28.Bf2 e4 29.Bxe4 Ra8 30.Qb5 Nxe4
31.fxe4 Qxe4 32.Re1 Qc2 33.Nxb7 Ra2 34.Rf1 Rb2 35.Qd5 Qe2 36.Nxd6 Rd2 37.Qe4 Qa6
38.Qc4 Qa3 39.Ne4 Ra2 40.Nf6+ Bxf6 41.Qf7+ Bg7 42.Bd4 Rc2 43.Qxg7+  1-0

[Event "IX Gema Open"]
[Site "Mondariz ESP"]
[Date "2009.12.28"]
[Round "4"]
[White "Montes Gutierrez,I"]
[Black "Movsziszian,K"]
[Result "0-1"]
[WhiteElo "2154"]
[BlackElo "2541"]

1.Nf3 Nf6 2.c4 g6 3.Nc3 Bg7 4.d4 d6 5.e4 O-O 6.Be2 Nbd7 7.O-O e5 8.Be3 Re8
9.Qc2 exd4 10.Nxd4 c6 11.Rad1 Qc7 12.Bf4 Ne5 13.Nf3 Nh5 14.Bc1 Bg4 15.Nxe5 Bxe2
16.Qxe2 dxe5 17.Rd3 Rad8 18.Rfd1 Nf4 19.Bxf4 exf4 20.Qd2 Rxd3 21.Qxd3 Qe7
22.f3 Bf6 23.Qd6 Kg7 24.Qxe7 Rxe7 25.Kf2 Bxc3 26.bxc3 Re5 27.Ke2 Rg5 28.Rg1 Ra5
29.Ra1 Kf6 30.Kd3 b6 31.a3 h5 32.Ra2 g5 33.h3 g4 34.fxg4 hxg4 35.h4 Rh5 36.e5+ Rxe5
37.Rf2 Kf5 38.h5 Kg5 39.h6 Re6 40.h7 Rh6 41.Ke4 f5+ 42.Ke5 Rxh7  0-1

[Event "IX Gema Open"]
[Site "Mondariz ESP"]
[Date "2009.12.28"]
[Round "5"]
[White "Movsziszian,K"]
[Black "Strikovic,A"]
[Result "1/2-1/2"]
[WhiteElo "2541"]
[BlackElo "2519"]

1.d4 Nf6 2.c4 g6 3.Nc3 Bg7 4.e4 d6 5.Nf3 O-O 6.Be2 e5 7.dxe5 dxe5 8.Qxd8 Rxd8
9.Bg5 Re8 10.Nd5 Nxd5 11.cxd5 c6 12.Bc4 cxd5 13.Bxd5 Nd7 14.Nd2 Nb6 15.Bb3 Be6
16.Bxe6 Rxe6 17.Rc1 f6 18.Be3 Bf8 19.Ke2 Rd8 20.Rc7 Re7 21.Rxe7 Bxe7 22.Rc1 Rc8
23.Rxc8+ Nxc8 24.Nc4 b5 25.Na5  1/2-1/2

[Event "26th Open"]
[Site "Travemuender GER"]
[Date "2009.12.28"]
[Round "4"]
[White "Zakhartsov,Vi"]
[Black "Zimmermann,Ju"]
[Result "1-0"]
[WhiteElo "2562"]
[BlackElo "2298"]

1.Nf3 Nf6 2.c4 g6 3.Nc3 Bg7 4.e4 d6 5.d4 O-O 6.Be2 e5 7.d5 a5 8.h3 Na6 9.Bg5 Nc5
10.Nd2 h6 11.Be3 Ne8 12.g4 f5 13.gxf5 gxf5 14.exf5 Bxf5 15.Nb3 Nxb3 16.Qxb3 Kh7
17.O-O-O c6 18.Bd3 Bxd3 19.Rxd3 e4 20.Nxe4 Qe7 21.Nc3 Kh8 22.Rg1 Nf6 23.Rdd1 a4
24.Qa3 c5 25.Rg6 Kh7 26.Rdg1 Rf7 27.Nb5 Qe5 28.Qd3 Qe4 29.Qxe4 Nxe4 30.Nxd6 Ra6
31.Rxg7+ Rxg7 32.Rxg7+ Kxg7 33.Nxe4 Ra8  1-0

[Event "26th Open"]
[Site "Boeblingen GER"]
[Date "2009.12.29"]
[Round "7"]
[White "Abel,D"]
[Black "Hirneise,J"]
[Result "1/2-1/2"]
[WhiteElo "2380"]
[BlackElo "2293"]

1.d4 Nf6 2.c4 g6 3.Nc3 Bg7 4.e4 d6 5.Nf3 O-O 6.Be2 e5 7.Be3 Ng4 8.Bg5 f6
9.Bh4 Nc6 10.d5 Ne7 11.Nd2 Nh6 12.f3 c5 13.Qc2 Bd7 14.a3 b6 15.Bf2  1/2-1/2

[Event "85th Masters"]
[Site "Hastings ENG"]
[Date "2009.12.31"]
[Round "4"]
[White "Knott,S"]
[Black "Sreeves,C"]
[Result "1-0"]
[WhiteElo "2348"]
[BlackElo "2061"]

1.Nf3 Nf6 2.c4 g6 3.Nc3 Bg7 4.e4 d6 5.d4 O-O 6.Be2 e5 7.O-O Na6 8.Be3 Ng4
9.Bg5 Qe8 10.c5 exd4 11.Nd5 Be6 12.cxd6 Bxd5 13.exd5 cxd6 14.Bxa6 bxa6 15.Nxd4 Qe5
16.Qxg4 Qxd4 17.Qxd4 Bxd4 18.Rad1 Be5 19.f4 Bxb2 20.Be7 Rfe8 21.Bxd6 Rac8
22.Rf2 Bc1 23.Kf1 f6 24.g3 Kf7 25.Re2 a5 26.Rde1 Rxe2 27.Rxe2 Rd8 28.Re7+ Kg8
29.Re6 Kf7 30.Ke2 a4 31.Kd3 Re8 32.Rxe8 Kxe8 33.Bc5 a6 34.Kc2  1-0

[Event "85th Masters"]
[Site "Hastings ENG"]
[Date "2010.01.01"]
[Round "5"]
[White "Marusenko,P"]
[Black "De Coverly,R"]
[Result "0-1"]
[WhiteElo "2264"]
[BlackElo "2109"]

1.d4 Nf6 2.c4 g6 3.Nc3 Bg7 4.e4 d6 5.Nf3 O-O 6.Be2 e5 7.O-O exd4 8.Nxd4 Re8
9.f3 Nc6 10.Nxc6 bxc6 11.Bg5 h6 12.Bh4 Qd7 13.Qd2 h5 14.Rad1 c5 15.Bd3 Bb7
16.Bc2 Qc8 17.Ba4 Re6 18.Rde1 Nd7 19.Nd5 Nb6 20.Bb3 Bxd5 21.cxd5 Re8 22.f4 Qg4
23.Bg3 h4 24.Bd1 Qd7 25.Bxh4 Nc4 26.Qc2 Nxb2 27.Be2 Rab8 28.e5 dxe5 29.f5 Qa4
30.Qxa4 Nxa4 31.fxg6 fxg6 32.Bg4 Rf8 33.Be6+ Kh7 34.Bf7 Rb4 35.Be7 Rfb8 36.Be6 e4
37.a3 Bd4+ 38.Kh1 Rb2 39.Rxe4 Rf2 40.Rfe1 Nc3 41.Rh4+ Kg7 42.Bg5 Rb1 43.Bh6+ Kf6
44.Rxb1 Nxb1 45.Rf4+ Rxf4 46.Bxf4 Nxa3 47.Bxc7 Nb5 48.Bf4 Be5 49.Be3 c4 50.Bd7 a6
51.Bg4 c3 52.Bd1 Bd4 53.Bc1 Bf2 54.g4 Be1 55.g5+ Ke5 56.h4 Bd2 57.h5 gxh5
58.Bxd2 cxd2 59.g6 Kf6 60.Bxh5 Kg5 61.Bd1 Kxg6 62.Kg2 Nc3 63.Bc2+ Kf6 64.Kf3 Ke5
65.Ke3 d1=Q 66.Bxd1 Nxd1+ 67.Kd2 Nf2 68.Kc3 Kxd5 69.Kb4 Kc6 70.Ka5 Kb7 71.Ka4 Kb6
72.Kb4 a5+ 73.Ka4 Ka6 74.Ka3 Kb5 75.Kb3 a4+ 76.Ka3 Ka5 77.Ka2 Kb4 78.Kb2 a3+
79.Ka2 Ka4 80.Ka1 Kb3 81.Kb1 Ng4  0-1

[Event "22nd Open"]
[Site "Staufer GER"]
[Date "2010.01.02"]
[Round "2"]
[White "Bartonicek,Z sr"]
[Black "Reschke,St"]
[Result "0-1"]
[WhiteElo "2041"]
[BlackElo "2362"]

1.Nf3 Nf6 2.d4 g6 3.c4 Bg7 4.Nc3 O-O 5.e4 d6 6.Be2 e5 7.O-O Nbd7 8.h3 exd4
9.Nxd4 Re8 10.f3 Nh5 11.f4 Ng3 12.Re1 Nxe4 13.Nd5 c6 14.Ne3 Ndc5 15.Nb3 Qh4
16.Bf3 Nd3 17.Rf1 Nxc1 18.Qxc1 Qxf4 19.Bg4 Qg5 20.Bxc8 Raxc8 21.Rf3 Nc5 22.Nxc5 dxc5
23.Nc2 Qxc1+ 24.Rxc1 Re2 25.Rf2 Rce8 26.Kf1 R2e4 27.Ne1 Bd4 28.Rfc2 Kf8 29.Nf3 Bf6
30.b3 Rd8 31.Re1 Rxe1+ 32.Kxe1 h5 33.Ke2 Ke7 34.Ke3 Rd1 35.Re2 Bg7 36.Kf2+ Kf8
37.Ke3 b6 38.Ke4 Rd8 39.Rf2 Rd7 40.Ng5 Bh6 41.Nf3 Re7+ 42.Kd3 Re3+ 43.Kc2 Ke7
44.Kd1 Ke6 45.Re2 Kf5 46.Rf2 Bf4 47.Re2 Ke4 48.Rd2 Rd3 49.Rxd3 Kxd3 50.Ng1 h4
51.Nf3 g5 52.Ke1 b5 53.cxb5 cxb5  0-1

[Event "22nd Open"]
[Site "Staufer GER"]
[Date "2010.01.03"]
[Round "4"]
[White "Tscharotschkin,M"]
[Black "Sancar,K"]
[Result "1/2-1/2"]
[WhiteElo "2211"]
[BlackElo "2012"]

1.d4 Nf6 2.Nf3 g6 3.c4 Bg7 4.Nc3 O-O 5.e4 d6 6.Be2 e5 7.d5 a5 8.O-O Nfd7
9.a3 f5 10.Bg5 Qe8 11.exf5 gxf5 12.Nh4 Nf6 13.Nb5 Na6 14.Bd2 b6 15.b4 Ne4
16.Nf3 Nxd2 17.Qxd2 e4 18.Nfd4 f4 19.Rfe1 Qg6 20.Kh1 Bd7 21.Ra2 Rae8 22.f3 e3
23.Qd1  1/2-1/2

[Event "15th Open"]
[Site "Bosnjaci CRO"]
[Date "2010.01.04"]
[Round "3"]
[White "Kovacevic,Bl"]
[Black "Patarcic,D"]
[Result "1-0"]
[WhiteElo "2447"]
[BlackElo "2033"]

1.c4 Nf6 2.Nc3 g6 3.e4 d6 4.d4 Bg7 5.Nf3 O-O 6.Be2 e5 7.O-O exd4 8.Nxd4 Re8
9.f3 Nc6 10.Be3 a6 11.Qd2 Nd7 12.Rad1 Nde5 13.Rfe1 Nxd4 14.Bxd4 Be6 15.b3 c5
16.Be3 Qa5 17.Na4 Qxd2 18.Rxd2 Bf8 19.Bf4 f5 20.exf5 Bxf5 21.Kf2 h5 22.Nc3 Bg7
23.Nd5 Rac8 24.Red1 Rc6 25.Bg5 Kf7 26.Ne3 Ke6 27.f4 Ng4+ 28.Nxg4 hxg4 29.Kg3 Rh8
30.Bxg4 Bxg4 31.Kxg4 Rxh2 32.Re1+ Kf7 33.Re7+ Kg8 34.Rxb7 Bd4 35.Re2 Rc8
36.Kf3 Rh1 37.Re6 Rf1+ 38.Kg3 Ra1 39.Rxg6+ Kh8 40.Rh6+ Kg8 41.Bf6 Bxf6 42.Rxf6 Rxa2
43.Rxd6 a5 44.Rdd7 a4 45.Rg7+ Kh8 46.Rh7+ Kg8 47.Rbg7+ Kf8 48.Ra7 Kg8 49.bxa4 Rc2
50.Rag7+ Kf8 51.Rg5  1-0

[Event "85th Masters"]
[Site "Hastings ENG"]
[Date "2010.01.04"]
[Round "8"]
[White "Rudd,J"]
[Black "Atako,C"]
[Result "1-0"]
[WhiteElo "2296"]
[BlackElo "2037"]

1.e4 g6 2.d4 d6 3.c4 Bg7 4.Nc3 Nf6 5.Nf3 O-O 6.Be2 e5 7.O-O exd4 8.Nxd4 Nc6
9.Be3 Re8 10.f3 Nh5 11.f4 Nf6 12.Bf3 Bg4 13.Bxg4 Nxg4 14.Qxg4 Nxd4 15.Rad1 Nc6
16.f5 Ne5 17.Qg3 Nxc4 18.fxg6 fxg6 19.Bg5 Qd7 20.Nd5 Nb6 21.Nf6+ Bxf6 22.Rxf6 Rxe4
23.Rdf1 Qc6 24.Bh6 Qc5+ 25.Kh1  1-0

[Event "22nd Open"]
[Site "Staufer GER"]
[Date "2010.01.04"]
[Round "5"]
[White "Krockenberger,M"]
[Black "Kill,M"]
[Result "1/2-1/2"]
[WhiteElo "2227"]
[BlackElo "2101"]

1.Nf3 Nf6 2.c4 g6 3.Nc3 Bg7 4.e4 d6 5.d4 O-O 6.Be2 e5 7.O-O Na6 8.Be3 Ng4
9.Bg5 Qe8 10.dxe5 dxe5 11.h3 f6 12.Bd2 Nh6 13.Rb1 Nc5 14.Qc1 Nf7 15.b4 Ne6
16.c5 c6 17.Be3 f5 18.exf5 gxf5 19.Nh2 Nd4 20.Re1 Nxe2+ 21.Rxe2 Be6 22.f4 e4
23.Nd1 h5 24.g3 Kh7 25.Qc2 Rg8 26.Rg2 Nh6 27.Nf2 Qf7 28.a3 Bf6 29.h4 Ng4
30.Nfxg4  1/2-1/2

[Event "22nd Open"]
[Site "Staufer GER"]
[Date "2010.01.04"]
[Round "5"]
[White "Gebhardt,Uw"]
[Black "Zhou,S"]
[Result "0-1"]
[WhiteElo "2041"]
[BlackElo "2186"]

1.d4 Nf6 2.c4 g6 3.Nc3 Bg7 4.Nf3 d6 5.e4 O-O 6.Be2 e5 7.d5 Na6 8.Bg5 h6 9.Bh4 g5
10.Bg3 Nh5 11.h4 Nxg3 12.fxg3 gxh4 13.Qd2 hxg3 14.Rxh6 Bxh6 15.Qxh6 Qe7 16.O-O-O f6
17.Rh1 Qg7 18.Qd2 Kf7 19.Rf1 Ke7 20.Nb5 Bd7 21.Kb1 Rac8 22.Nxa7 Ra8 23.Nb5 Rh8
24.b4 Rh5 25.c5 Qh6 26.Qc3 b6 27.Nxd6 cxd6 28.cxd6+ Ke8 29.Ng1 Rh1 30.Qa3 Qh2
31.Qf3 Rxg1 32.Qxf6 Rxf1+ 33.Bxf1 Qh7 34.Kb2 Qf7 35.Qh4 Qf2+ 36.Kb3 Nc5+
37.bxc5 Qxa2+  0-1

[Event "22nd Open"]
[Site "Staufer GER"]
[Date "2010.01.04"]
[Round "6"]
[White "Hoenick,A"]
[Black "Andraschko,F"]
[Result "1/2-1/2"]
[WhiteElo "2211"]
[BlackElo "2063"]

1.d4 Nf6 2.c4 g6 3.Nc3 Bg7 4.e4 d6 5.Be2 O-O 6.Nf3 e5 7.Be3 Na6 8.O-O Ng4
9.Bg5 Qe8 10.h3 h6 11.Bc1 Nf6 12.dxe5 dxe5 13.Be3 Qe7 14.Nd5 Qd8 15.Nd2  1/2-1/2

[Event "ZVO Open"]
[Site "Borovo CRO"]
[Date "2010.01.05"]
[Round "7"]
[White "Ascic,A"]
[Black "Jozic,Z"]
[Result "1-0"]
[WhiteElo "2180"]
[BlackElo "1969"]

1.d4 Nf6 2.c4 g6 3.Nc3 Bg7 4.e4 d6 5.Be2 Nbd7 6.Nf3 e5 7.O-O O-O 8.dxe5 dxe5
9.Qc2 c6 10.b3 Qc7 11.Ba3 Re8 12.Rad1 Bf8 13.Bb2 Nc5 14.Rfe1 Bg4 15.Nd2 Bxe2
16.Rxe2 Ne6 17.Nf3 Nf4 18.Ree1 Qc8 19.Ne2 Nxe2+ 20.Qxe2 Qc7 21.Qd2 Nh5 22.g3 f6
23.Bc3 Rad8 24.Qe3 b6 25.b4 Qc8 26.Nd2 Qg4 27.f3 Qe6 28.Qe2 Rd7 29.Nb3 Red8
30.Rxd7 Qxd7 31.Kf2 Kf7 32.Rc1 Bh6 33.Rc2 Qh3 34.Kg1 Nxg3 35.hxg3 Qxg3+ 36.Kf1 Bf4
37.Bd2 h5 38.Bxf4 Qh3+ 39.Qg2 Rd1+ 40.Kf2 Qxg2+ 41.Kxg2 exf4 42.Rd2 Re1  1-0